Cities in Europe- Sudden Death - Statistics

General Stats
  • This quiz has been taken 159 times
  • The average score is 19 of 32
Answers on the Grid
Answers color-coded by a green-red scale on the quiz's grid according to % correct below.
Bath
Cork
Dublin
Moscow
St. Petersburg
Oslo
Stockholm
Copenhagen
Bergen
Vienna
Lyon
Verona
Tirana
Belgrade
Sarajevo
Thessaloniki
Podgorica
Rotterdam
Innsbruck
Bern
Essen
Warsaw
Istanbul
Vilnius
Riga
Kilkenny
Belfast
Lisbon
Pamplona
Sibiu
The Hague
Florence
Barranquilla
Lima
Montevideo
Caracas
Sao Paulo
Harrisburg
Johannesberg
Port Louis
Hobart
Milwaukee
Edmonton
Omsk
Yakutsk
Khabarovsk
Tbilisi
Tripoli
Port au Prince
Roseau
Bissau
Monrovia
Ankara
Alexandria
Bloemfontein
 
Answer Stats
Answer % Correct
Italy Florence
72%
Poland Warsaw
72%
Norway Oslo
70%
Denmark Copenhagen
69%
Sweden Stockholm
69%
Ireland Dublin
68%
Portugal Lisbon
68%
France Lyon
67%
Austria Vienna
67%
Latvia Riga
66%
UK (Northern Ireland) Belfast
65%
Serbia Belgrade
65%
Switzerland Bern
64%
Russia Moscow
63%
Netherlands Rotterdam
63%
Lithuania Vilnius
61%
Bosnia and Herzegovina Sarajevo
59%
Albania Tirana
59%
Russia St. Petersburg
58%
Italy Verona
58%
Norway Bergen
57%
Netherlands The Hague
57%
Austria Innsbruck
56%
Greece Thessaloniki
56%
Ireland Cork
55%
UK (England) Bath
54%
Germany Essen
54%
Montenegro Podgorica
52%
Spain Pamplona
50%
Türkiye (Split between Europe and Asia) Istanbul
44%
Ireland Kilkenny
38%
Romania Sibiu
12%
No matching quizzes found
Score Distribution
Percent of People with Each Score
Percentile by Number Answered
Your Score History
You have not taken this quiz